[Event "Foment Martinenc op-A 23rd"]
[Site "Barcelona"]
[Date "2023.05.13"]
[Round "4"]
[White "Garcia Escoda, Marc"]
[Black "Riu Lopez, Sergio"]
[Result "1/2-1/2"]
[WhiteElo "2142"]
[BlackElo "1950"]
[PlyCount "149"]
[EventDate "2023.04.22"]
[EventType "swiss"]
[EventRounds "9"]
[EventCountry "ESP"]
[SourceTitle "EXT 2024"]
[Source "ChessBase"]
[SourceDate "2023.10.10"]
[SourceVersion "1"]
[SourceVersionDate "2023.10.10"]
[SourceQuality "1"]

1. e4 c5 2. Nf3 Nc6 3. d4 cxd4 4. Nxd4 g6 5. c4 Bg7 6. Be3 Nf6 7. Nc3 0-0 8. Be2 d6 9. 0-0 Bd7 10. h3 Nxd4 11. Bxd4 Bc6 12. Qc2 Nd7 13. Bxg7 Kxg7 14. Rad1 Qb6 15. Nd5 Bxd5 16. Qc3+ Kg8 17. exd5 a5 18. b3 Rfe8 19. Rfe1 Nc5 20. Bf1 Qb4 21. Qg3 a4 22. Re3 axb3 23. axb3 Ra3 24. Rb1 e5 25. dxe6 Rxe6 26. Rxe6 Nxe6 27. Rd1 Rxb3 28. Qxd6 Qxd6 29. Rxd6 Rb1 30. g3 Nc5 31. Kg2 Rb2 32. Rd8+ Kg7 33. Re8 Rb1 34. Rc8 b6 35. Be2 Rb2 36. Re8 Rd2 37. Kf3 Rd6 38. Rb8 Nd7 39. Rb7 Ne5+ 40. Ke3 Re6 41. Kd2 Rd6+ 42. Kc3 Nd7 43. f4 Nc5 44. Re7 Kf8 45. Re3 f5 46. Bf3 Re6 47. Re5 Ke7 48. Kd4 Kd6 49. Bd5 Rf6 50. Re8 Ne6+ 51. Ke3 Nc7 52. Rd8+ Ke7 53. Rh8 h5 54. Kd4 Kd6 55. Rd8+ Ke7 56. Rb8 Rd6 57. Rg8 b5 58. Kc5 bxc4 59. Rg7+ Kd8 60. Kxd6 Ne8+ 61. Ke5 Nxg7 62. Kf6 c3 63. Bb3 h4 64. gxh4 Nh5+ 65. Kxg6 Nxf4+ 66. Kxf5 Nxh3 67. h5 Ke7 68. h6 Kf8 69. Kf6 Ng5 70. Kxg5 c2 71. Bxc2 Kg8 72. Kg6 Kh8 73. Bb1 Kg8 74. Ba2+ Kh8 75. Bb3 1/2-1/2

[Event "Foment Martinenc op-A 23rd"]
[Site "Barcelona"]
[Date "2023.05.06"]
[Round "3"]
[White "Riu Lopez, Sergio"]
[Black "Micha Massisimo, Samuel"]
[Result "1-0"]
[WhiteElo "1950"]
[BlackElo "1689"]
[PlyCount "78"]
[EventDate "2023.04.22"]
[EventType "swiss"]
[EventRounds "9"]
[EventCountry "ESP"]
[SourceTitle "EXT 2024"]
[Source "ChessBase"]
[SourceDate "2023.10.10"]
[SourceVersion "1"]
[SourceVersionDate "2023.10.10"]
[SourceQuality "1"]

1. e4 c6 2. c3 d5 3. exd5 cxd5 4. d4 Nc6 5. Nf3 g6 6. Bd3 Bg7 7. Bf4 Nh6 8. 0-0 0-0 9. h3 f6 10. Re1 Nf7 11. Bg3 e5 12. Bb5 e4 13. Nfd2 Nd6 14. Qb3 Be6 15. Na3 f5 16. Bf4 g5 17. Bxd6 Qxd6 18. Be2 f4 19. Bg4 Rf6 20. Bxe6+ Qxe6 21. Nxe4 dxe4 22. d5 Na5 23. dxe6 Nxb3 24. axb3 Rxe6 25. Nb5 Rb6 26. Nc7 Rd8 27. Rxe4 Rxb3 28. Ne6 Rd2 29. Nxg5 Rbxb2 30. Re8+ Bf8 31. Ne6 Kf7 32. Rxf8+ Kxe6 33. Rxf4 a6 34. Re1+ Kd5 35. Re7 h6 36. Rh7 Rb6 37. Rb4 Rxb4 38. cxb4 Rb2 39. Rxb7 Kc6 1-0

[Event "Foment Martinenc op-A 23rd"]
[Site "Barcelona"]
[Date "2023.04.22"]
[Round "1"]
[White "Riu Lopez, Sergio"]
[Black "Silva Cerda, Mark Valentin"]
[Result "0-1"]
[WhiteElo "1950"]
[BlackElo "1670"]
[PlyCount "80"]
[EventDate "2023.04.22"]
[EventType "swiss"]
[EventRounds "9"]
[EventCountry "ESP"]
[SourceTitle "EXT 2024"]
[Source "ChessBase"]
[SourceDate "2023.10.10"]
[SourceVersion "1"]
[SourceVersionDate "2023.10.10"]
[SourceQuality "1"]

1. e4 c6 2. d4 d5 3. exd5 cxd5 4. c4 Nf6 5. Nc3 g6 6. Bg5 Bg7 7. Nf3 0-0 8. c5 Ne4 9. Be3 Nxc3 10. bxc3 b6 11. cxb6 axb6 12. Bd3 Qc7 13. Qc1 Ba6 14. Bxa6 Rxa6 15. 0-0 Nd7 16. Qd2 Qc4 17. Rfc1 Rfa8 18. Rc2 Ra3 19. Ne1 Nf6 20. f3 Ne8 21. Bf4 Rxc3 22. Be5 Bxe5 23. dxe5 Rxc2 24. Nxc2 Rxa2 25. Rxa2 Qxa2 26. h3 Qa5 27. Qf4 Nc7 28. Kh2 Ne6 29. Qh4 Qc5 30. Ne1 Qe3 31. Nc2 Qxe5+ 32. Kh1 Qf4 33. Qe1 d4 34. Nb4 Qe3 35. Qa1 d3 36. Nd5 Qc5 37. Nc3 Qa5 38. Qc1 Nd4 39. Qf4 e5 40. Qd2 Ne2 0-1

[Event "Foment Martinenc op-A 22nd"]
[Site "Barcelona"]
[Date "2022.05.28"]
[Round "6"]
[White "Riu Lopez, Sergio"]
[Black "Garre Montes, Marc"]
[Result "1-0"]
[WhiteElo "1933"]
[BlackElo "1705"]
[PlyCount "89"]
[EventDate "2022.04.23"]
[EventType "swiss"]
[EventRounds "9"]
[EventCountry "ESP"]
[SourceTitle "EXT 2023"]
[Source "ChessBase"]
[SourceDate "2022.10.05"]
[SourceVersion "1"]
[SourceVersionDate "2022.10.05"]
[SourceQuality "1"]

1. e4 c5 2. c3 d5 3. e5 Nc6 4. d4 cxd4 5. cxd4 Bf5 6. Nf3 e6 7. a3 Nge7 8. Nc3 Nc8 9. Bd3 Bxd3 10. Qxd3 Be7 11. 0-0 Nb6 12. b3 Rc8 13. Bd2 0-0 14. Rfc1 h6 15. h3 Qd7 16. Ne2 Nb8 17. Bb4 Bxb4 18. axb4 a6 19. Nc3 Nc6 20. b5 Nb4 21. Qe2 Rc7 22. bxa6 bxa6 23. Na2 a5 24. Nxb4 axb4 25. Qd2 Rc3 26. Rxc3 bxc3 27. Qxc3 Qb5 28. Ra5 Qe2 29. Qc6 Rc8 30. Qxb6 Rc1+ 31. Kh2 Qxf2 32. Qd8+ Kh7 33. Qh4 Qf1 34. Ra2 Qh1+ 35. Kg3 Rc3 36. Qf4 Rc7 37. Qd2 Qb1 38. Rb2 Qe4 39. b4 g5 40. b5 Rc8 41. b6 Kg7 42. b7 Rb8 43. Qc1 Qf5 44. Qc7 Qf4+ 45. Kf2 1-0

[Event "Foment Martinenc op-A 22nd"]
[Site "Barcelona"]
[Date "2022.05.21"]
[Round "5"]
[White "Ribera Caro, Joan"]
[Black "Riu Lopez, Sergio"]
[Result "0-1"]
[WhiteElo "1666"]
[BlackElo "1933"]
[PlyCount "138"]
[EventDate "2022.04.23"]
[EventType "swiss"]
[EventRounds "9"]
[EventCountry "ESP"]
[SourceTitle "EXT 2023"]
[Source "ChessBase"]
[SourceDate "2022.10.05"]
[SourceVersion "1"]
[SourceVersionDate "2022.10.05"]
[SourceQuality "1"]

1. d4 Nf6 2. Nf3 e6 3. c4 b6 4. g3 Bb7 5. Bg2 Be7 6. 0-0 0-0 7. d5 exd5 8. Nh4 Ne4 9. cxd5 Bxh4 10. Bxe4 Bf6 11. Qc2 g6 12. Nc3 Na6 13. h4 Nc5 14. Bf3 h5 15. Bf4 d6 16. Rac1 a5 17. Ne4 Bc8 18. Ng5 Bf5 19. e4 Bg4 20. Bxg4 hxg4 21. Qe2 Qd7 22. f3 Bd4+ 23. Be3 Bxe3+ 24. Qxe3 Rae8 25. fxg4 Qe7 26. Rf2 f6 27. Ne6 Nxe6 28. dxe6 Qxe6 29. Rxc7 Qxg4 30. Qh6 Rf7 31. Rc3 Qxe4 32. Rcf3 Rc8 33. b3 Qb1+ 34. Kg2 Qe4 35. Kh2 Rh7 36. Qf4 Qxf4 37. Rxf4 f5 38. Rd4 Rd7 39. Rfd2 Rc6 40. a3 Kf7 41. b4 axb4 42. axb4 Ke6 43. Rd5 Rc4 44. Rb5 Rc6 45. Re2+ Kf6 46. Rd2 Re7 47. Rbd5 Re6 48. b5 Rc5 49. Rxd6 Rxb5 50. Rd8 Rbe5 51. Kh3 Re2 52. R2d6 Rxd6 53. Rxd6+ Re6 54. Rd8 Ke5 55. g4 Kf4 56. Rd4+ Re4 57. Rd3 fxg4+ 58. Kg2 Re2+ 59. Kg1 Rb2 60. Rd4+ Kg3 61. Rd3+ Kxh4 62. Rd6 g5 63. Rd3 g3 64. Rd4+ Kh3 65. Rd1 b5 66. Rf1 b4 67. Re1 b3 68. Rf1 Rc2 69. Rf2 Rxf2 0-1

[Event "Foment Martinenc op-A 22nd"]
[Site "Barcelona"]
[Date "2022.05.14"]
[Round "4"]
[White "Riu Lopez, Sergio"]
[Black "Colomer Gomez, Jordi"]
[Result "1-0"]
[WhiteElo "1933"]
[BlackElo "1771"]
[PlyCount "59"]
[EventDate "2022.04.23"]
[EventType "swiss"]
[EventRounds "9"]
[EventCountry "ESP"]
[SourceTitle "EXT 2023"]
[Source "ChessBase"]
[SourceDate "2022.10.05"]
[SourceVersion "1"]
[SourceVersionDate "2022.10.05"]
[SourceQuality "1"]

1. e4 c5 2. c3 d5 3. exd5 Qxd5 4. d4 g6 5. Nf3 Bg7 6. Na3 cxd4 7. Nb5 Na6 8. Be3 Nf6 9. Nfxd4 0-0 10. h3 Rd8 11. Be2 e5 12. Nf3 Bd7 13. a4 Qe6 14. Qc1 b6 15. 0-0 Ne4 16. Ng5 Nxg5 17. Bxg5 f6 18. Na3 Bc6 19. Bxa6 fxg5 20. Qxg5 Kh8 21. Bc4 Qf5 22. Qxf5 gxf5 23. Bb5 Be4 24. Rfd1 Kg8 25. Bc4+ Kf8 26. Nb5 Rxd1+ 27. Rxd1 Bc2 28. Rd7 Bh8 29. Rf7+ Ke8 30. Nc7+ 1-0

[Event "Platja d'Aro op 8th"]
[Site "Platja d'Aro"]
[Date "2021.06.29"]
[Round "6"]
[White "Riu Lopez, Sergio"]
[Black "Peng, Li Min"]
[Result "0-1"]
[WhiteElo "1891"]
[BlackElo "2476"]
[PlyCount "86"]
[EventDate "2021.06.25"]
[EventType "swiss"]
[EventRounds "9"]
[EventCountry "ESP"]
[SourceTitle "CBM 203 Extra"]
[Source "ChessBase"]
[SourceDate "2021.09.30"]
[SourceVersion "1"]
[SourceVersionDate "2021.09.30"]
[SourceQuality "1"]

1. e4 g6 2. d4 Bg7 3. c3 d6 4. Bd3 e5 5. Nf3 Ne7 6. h3 0-0 7. 0-0 Nd7 8. Re1 c6 9. Nbd2 Qb6 10. Qb3 Qc7 11. Nf1 h6 12. Ng3 b6 13. Bd2 Bb7 14. Rad1 b5 15. dxe5 dxe5 16. Be3 Nb6 17. c4 bxc4 18. Bxc4 c5 19. Qc3 Rac8 20. a3 Nc6 21. Qc1 Nxc4 22. Qxc4 Nd4 23. Nd2 Qc6 24. Qa2 Nc2 25. Re2 Ba6 26. Nc4 Qa4 27. b3 Bxc4 28. bxc4 Nxe3 29. Rc1 Nxg2 30. Kxg2 Rfd8 31. Rc3 Qc6 32. Kh2 h5 33. Nf1 Rd4 34. Qc2 Rcd8 35. f3 Qf6 36. Rg2 Rd1 37. Qf2 Bh6 38. Kg1 Rb1 39. Kh1 Qe6 40. Rg1 Qxh3+ 41. Qh2 Qxf1 42. Rxf1 Rxf1+ 43. Kg2 Rd2+ 0-1

[Event "Catalunya-ch U18/20"]
[Site "Salou"]
[Date "2021.03.28"]
[Round "2"]
[White "Riu Lopez, Sergio"]
[Black "Alvarez Albiol, Victor"]
[Result "0-1"]
[WhiteElo "1916"]
[BlackElo "2246"]
[PlyCount "102"]
[EventDate "2021.03.27"]
[EventType "swiss"]
[EventRounds "9"]
[EventCountry "ESP"]
[SourceTitle "CBM 202 Extra"]
[Source "ChessBase"]
[SourceDate "2021.07.31"]
[SourceVersion "1"]
[SourceVersionDate "2021.07.31"]
[SourceQuality "1"]

1. e4 c5 2. Nf3 d6 3. c3 Nf6 4. Be2 g6 5. 0-0 Bg7 6. d3 0-0 7. Nbd2 Nc6 8. Re1 e5 9. Nc4 h6 10. Bf1 Re8 11. Ne3 d5 12. exd5 Nxd5 13. Qb3 Nf4 14. Nc4 Nd5 15. a4 Rb8 16. Bd2 Bg4 17. Be2 Qd7 18. Ne3 Nf4 19. Nxg4 Nxe2+ 20. Rxe2 Qxg4 21. Re4 Qd7 22. Qb5 b6 23. Rae1 Rbd8 24. d4 cxd4 25. cxd4 f5 26. Qc4+ Qd5 27. Qxd5+ Rxd5 28. R4e2 Nxd4 29. Nxd4 Rxd4 30. a5 b5 31. Be3 Rd7 32. Bc5 a6 33. Kf1 Red8 34. Rc2 Rd2 35. Rec1 Rxc2 36. Rxc2 Rc8 37. Rc1 Bf8 38. Be3 Rxc1+ 39. Bxc1 Kf7 40. Ke2 Ke6 41. Kd3 Kd5 42. Be3 f4 43. Bd2 e4+ 44. Kc2 g5 45. h4 Bc5 46. hxg5 hxg5 47. Be1 g4 48. Kc3 f3 49. gxf3 exf3 50. b4 Bd4+ 51. Kd3 g3 0-1

[Event "Foment Martinenc op-A 21st"]
[Site "Barcelona"]
[Date "2019.05.25"]
[Round "5"]
[White "Riu Lopez, Sergio"]
[Black "Alcaraz Lopez, Francesco"]
[Result "1/2-1/2"]
[WhiteElo "1968"]
[BlackElo "1874"]
[PlyCount "89"]
[EventDate "2019.04.27"]
[EventType "swiss"]
[EventRounds "9"]
[EventCountry "ESP"]
[SourceTitle "EXT 2020"]
[Source "ChessBase"]
[SourceDate "2019.10.17"]
[SourceVersion "1"]
[SourceVersionDate "2019.10.17"]
[SourceQuality "1"]

1. c4 c5 2. g3 g6 3. Bg2 Bg7 4. Nc3 Nf6 5. e4 d6 6. Nge2 Nc6 7. 0-0 e5 8. d3 0-0 9. f4 Bg4 10. h3 Bxe2 11. Nxe2 Nd4 12. Kh2 a6 13. f5 Nd7 14. Nxd4 exd4 15. Bf4 Ne5 16. Qd2 f6 17. h4 b5 18. cxb5 axb5 19. b4 Ra3 20. Bxe5 fxe5 21. bxc5 dxc5 22. Bh3 Qb6 23. fxg6 hxg6 24. Rxf8+ Bxf8 25. Rf1 Bg7 26. Rf2 Ra7 27. h5 Rf7 28. hxg6 Rxf2+ 29. Qxf2 Qxg6 30. a4 bxa4 31. Qa2+ Kh8 32. Qxa4 Qf6 33. Qe8+ Bf8 34. Kg2 Kg7 35. Bf5 Be7 36. Qh5 Qh6 37. Qg4+ Qg5 38. Qe2 Qc1 39. Be6 Bf6 40. Qh5 Qd2+ 41. Kg1 Qe3+ 42. Kg2 Qd2+ 43. Kh3 Qh6 44. Qxh6+ Kxh6 45. Kg4 1/2-1/2

[Event "Barcelona Sant Marti op-A 20th"]
[Site "Barcelona"]
[Date "2018.07.16"]
[Round "4"]
[White "Yang, Jack Nathaniel"]
[Black "Riu Lopez, Sergio"]
[Result "1-0"]
[WhiteElo "1661"]
[BlackElo "1932"]
[PlyCount "115"]
[EventDate "2018.07.13"]
[EventType "swiss"]
[EventRounds "9"]
[EventCountry "ESP"]
[SourceTitle "CBM 185 Extra"]
[Source "ChessBase"]
[SourceDate "2018.07.29"]
[SourceVersion "1"]
[SourceVersionDate "2018.07.29"]
[SourceQuality "1"]

1. d4 d5 2. c4 e6 3. Nc3 Nf6 4. cxd5 exd5 5. Bg5 Nbd7 6. e3 c6 7. Bd3 Qa5 8. Qc2 Ne4 9. Bxe4 f6 10. Bxh7 fxg5 11. Qg6+ Kd8 12. Qxg5+ Nf6 13. Bd3 Qc7 14. Nge2 Rh5 15. Qg3 Bd6 16. f4 Ng4 17. Kd2 g5 18. h3 Nf6 19. Bg6 gxf4 20. exf4 Rh6 21. Qg5 Qg7 22. f5 Bxf5 23. Qxf5 Rxg6 24. g4 Kc7 25. Nf4 Qh6 26. g5 Qxg5 27. Qxg5 Rxg5 28. Ne6+ Kd7 29. Nxg5 Bf4+ 30. Kd3 Bxg5 31. Rag1 Nh7 32. h4 Bf6 33. Rg6 Rf8 34. Rhg1 Rf7 35. h5 Bh8 36. h6 Rf3+ 37. Ke2 Rh3 38. Rg7+ Bxg7 39. Rxg7+ Ke6 40. Rxh7 b5 41. Kd2 a5 42. Ne2 Kf5 43. Rh8 Rh2 44. h7 Kg6 45. Rc8 Rxh7 46. Rxc6+ Kf5 47. Rc5 Ke4 48. Rxb5 a4 49. Rb4 Rh2 50. Rxa4 Kf3 51. Ra3+ Kf2 52. Re3 Rh4 53. b4 Rh6 54. a4 Rb6 55. b5 Rb8 56. Rb3 Re8 57. Nc3 Re3 58. Nd1+ 1-0

[Event "Foment Martinenc op-A 20th"]
[Site "Barcelona"]
[Date "2018.05.26"]
[Round "6"]
[White "Sama Salinas, Hector"]
[Black "Riu Lopez, Sergio"]
[Result "1-0"]
[WhiteElo "2133"]
[BlackElo "1999"]
[PlyCount "41"]
[EventDate "2018.04.21"]
[EventType "swiss"]
[EventRounds "9"]
[EventCountry "ESP"]
[SourceTitle "CBM 184 Extra"]
[Source "ChessBase"]
[SourceDate "2018.06.28"]
[SourceVersion "1"]
[SourceVersionDate "2018.06.28"]
[SourceQuality "1"]

1. e4 c5 2. Nf3 g6 3. d3 Bg7 4. g3 Nc6 5. Bg2 e6 6. 0-0 d6 7. Nc3 Rb8 8. Be3 b5 9. d4 b4 10. Na4 Qa5 11. b3 Nge7 12. dxc5 dxc5 13. Bxc5 Bxa1 14. Qxa1 0-0 15. Qf6 Ba6 16. Be3 Qh5 17. g4 Qxg4 18. Bh6 Nf5 19. exf5 gxf5 20. Re1 Rfd8 21. Ng5 1-0

[Event "Foment Martinenc op-A 20th"]
[Site "Barcelona"]
[Date "2018.05.12"]
[Round "4"]
[White "Moya Arau, Carles"]
[Black "Riu Lopez, Sergio"]
[Result "1/2-1/2"]
[WhiteElo "2032"]
[BlackElo "1999"]
[PlyCount "70"]
[EventDate "2018.04.21"]
[EventType "swiss"]
[EventRounds "9"]
[EventCountry "ESP"]
[SourceTitle "CBM 184 Extra"]
[Source "ChessBase"]
[SourceDate "2018.06.28"]
[SourceVersion "1"]
[SourceVersionDate "2018.06.28"]
[SourceQuality "1"]

1. d4 d5 2. Nf3 Nf6 3. Bg5 e6 4. e3 Be7 5. Bd3 0-0 6. Nbd2 b6 7. Ne5 Bb7 8. 0-0 Nbd7 9. f4 c5 10. c3 Ne8 11. Qh5 f5 12. Ndf3 Nef6 13. Qh4 c4 14. Bc2 Qe8 15. Ba4 Bc8 16. Nc6 h6 17. Nxe7+ Qxe7 18. Bxf6 Qxf6 19. Qg3 a6 20. Bxd7 Bxd7 21. h4 Be8 22. Rf2 Bh5 23. Ne5 Rfd8 24. Kh2 Kh7 25. Rg1 Rac8 26. Qh3 Rc7 27. g4 Bxg4 28. Nxg4 fxg4 29. Rxg4 Qf5 30. Rfg2 Rf8 31. Qg3 Rff7 32. Rg6 Rce7 33. Qg4 Qxg4 34. R2xg4 Rf6 35. Rxf6 gxf6 1/2-1/2

[Event "Foment Martinenc op-A 20th"]
[Site "Barcelona"]
[Date "2018.04.21"]
[Round "1"]
[White "Riu Lopez, Sergio"]
[Black "Andreu Termes, Frederic"]
[Result "1-0"]
[WhiteElo "1999"]
[BlackElo "1791"]
[PlyCount "75"]
[EventDate "2018.04.21"]
[EventType "swiss"]
[EventRounds "9"]
[EventCountry "ESP"]
[SourceTitle "CBM 184 Extra"]
[Source "ChessBase"]
[SourceDate "2018.06.28"]
[SourceVersion "1"]
[SourceVersionDate "2018.06.28"]
[SourceQuality "1"]

1. e4 e6 2. d4 d5 3. e5 c5 4. c3 Nc6 5. Nf3 Qb6 6. Be2 Nh6 7. dxc5 Bxc5 8. 0-0 Ng4 9. Nd4 Ngxe5 10. Nxc6 Nxc6 11. b4 Bd6 12. a4 Qc7 13. h3 Bd7 14. Na3 a6 15. b5 Ne7 16. Qd3 Be5 17. Bd2 Bf6 18. Rab1 e5 19. Qg3 Bf5 20. Rb4 Bg6 21. Bf3 Nf5 22. Qh2 Rd8 23. c4 a5 24. b6 Qc5 25. Rb3 dxc4 26. Be3 Nxe3 27. Rxe3 Rd3 28. Nxc4 0-0 29. Nxe5 Bxe5 30. Qxe5 Qxb6 31. Rxd3 Bxd3 32. Rd1 Bc2 33. Rd7 Qb1+ 34. Kh2 Bxa4 35. Rxf7 Qg6 36. Rxf8+ Kxf8 37. Qc5+ Ke8 38. Bh5 1-0

[Event "Badalona op-B 42nd"]
[Site "Badalona"]
[Date "2016.08.09"]
[Round "8"]
[White "Cano Sevila, Ivan"]
[Black "Riu Lopez, Sergio"]
[Result "1-0"]
[WhiteElo "1890"]
[BlackElo "1708"]
[PlyCount "117"]
[EventDate "2016.08.02"]
[EventType "swiss"]
[EventRounds "9"]
[EventCountry "ESP"]
[SourceTitle "CBM 174 Extra"]
[Source "ChessBase"]
[SourceDate "2016.10.10"]
[SourceVersion "1"]
[SourceVersionDate "2016.10.10"]
[SourceQuality "1"]

1. d4 e6 2. Bf4 d5 3. Nf3 Nf6 4. e3 c5 5. c3 Nc6 6. Nbd2 Bd6 7. Ne5 0-0 8. Bd3 Qc7 9. Ndf3 b6 10. h4 Ne4 11. Qc2 Bb7 12. Nxc6 Bxf4 13. Nce5 Bxe5 14. Nxe5 f6 15. Nf3 cxd4 16. Nxd4 Qd6 17. Bxe4 dxe4 18. 0-0-0 Rfd8 19. Qe2 Bd5 20. Kb1 e5 21. Nf5 Bxa2+ 22. Kxa2 Qe6+ 23. Ka1 Qxf5 24. Qc4+ Kh8 25. Qc7 Qc8 26. Rxd8+ Qxd8 27. Qc6 Rc8 28. Qxe4 Rc5 29. Kb1 Rd5 30. Kc1 h6 31. g4 Ra5 32. Kc2 Qd5 33. Qxd5 Rxd5 34. c4 Rd7 35. Kc3 Kg8 36. b4 Kf7 37. c5 bxc5 38. bxc5 Ke6 39. Kc4 Rd8 40. Ra1 Rd7 41. Ra6+ Ke7 42. c6 Rc7 43. Kd5 g6 44. Ra1 h5 45. gxh5 gxh5 46. Rg1 e4 47. Ra1 f5 48. Ra6 Kd8 49. Ke6 Re7+ 50. Kxf5 Kc8 51. Kg6 Re5 52. Rxa7 Re6+ 53. Kxh5 Rxc6 54. Kg5 Rc2 55. Rf7 Kd8 56. Rf4 Rc5+ 57. Kg6 Rc6+ 58. Kf5 Rc5+ 59. Kxe4 1-0

[Event "ESP-ch U14"]
[Site "Granada"]
[Date "2016.07.14"]
[Round "6"]
[White "Riu Lopez, Sergio"]
[Black "Bes Alvarez, Alex"]
[Result "1-0"]
[WhiteElo "1816"]
[BlackElo "1520"]
[PlyCount "65"]
[EventDate "2016.07.11"]
[EventType "swiss"]
[EventRounds "9"]
[EventCountry "ESP"]
[SourceTitle "EXT 2024"]
[Source "ChessBase"]
[SourceDate "2023.10.10"]
[SourceVersion "1"]
[SourceVersionDate "2023.10.10"]
[SourceQuality "1"]

1. e4 c5 2. c3 g6 3. d4 cxd4 4. cxd4 Bg7 5. Nc3 d6 6. Nf3 e6 7. Bc4 Ne7 8. Be3 0-0 9. 0-0 d5 10. exd5 exd5 11. Bb3 Nbc6 12. h3 Kh8 13. Qd2 a6 14. Bh6 Be6 15. Bxg7+ Kxg7 16. Rfe1 Qd6 17. Na4 b5 18. Nc5 Bd7 19. Ne5 Nxe5 20. Rxe5 f6 21. Re2 Nc6 22. Rae1 Kh8 23. Nxd7 Qxd7 24. Qf4 Kg7 25. Re6 Rad8 26. Qc1 Rc8 27. Qc5 Kh8 28. Rd6 Nxd4 29. Qxd5 Qa7 30. Qxd4 Qxd4 31. Rxd4 a5 32. Rd7 a4 33. Ree7 1-0

[Event "Foment Martinenc op-A 18th"]
[Site "Barcelona"]
[Date "2016.06.04"]
[Round "7"]
[White "Riu Lopez, Sergio"]
[Black "Llados Clos, Jaume"]
[Result "1-0"]
[WhiteElo "1754"]
[BlackElo "1752"]
[PlyCount "137"]
[EventDate "2016.04.23"]
[EventType "swiss"]
[EventRounds "9"]
[EventCountry "ESP"]
[SourceTitle "EXT 2017"]
[Source "ChessBase"]
[SourceDate "2016.10.25"]
[SourceVersion "1"]
[SourceVersionDate "2016.10.25"]
[SourceQuality "1"]

1. e4 Nf6 2. e5 Nd5 3. c4 Nb6 4. d4 d6 5. exd6 exd6 6. Nc3 Be7 7. Nf3 Nc6 8. Be3 Bg4 9. Be2 0-0 10. b3 Re8 11. 0-0 Bf6 12. Qd2 a5 13. Rac1 Qd7 14. h3 Bf5 15. d5 Ne5 16. Nd4 Bg6 17. f4 Qe7 18. fxe5 Qxe5 19. Bf2 Bg5 20. Qd1 Bxc1 21. Qxc1 Qe7 22. Ndb5 Rac8 23. Bxb6 cxb6 24. Qf4 Rcd8 25. Kh1 a4 26. Qd2 axb3 27. axb3 Kf8 28. Bd3 Bxd3 29. Qxd3 Kg8 30. Qf3 Rd7 31. Qf2 Qd8 32. Qd4 Rde7 33. Qf4 Rd7 34. Ne4 Re5 35. Nexd6 f6 36. Nf5 Qc8 37. Nfd4 Qc5 38. Ra1 Qf8 39. Ne6 Qb8 40. Qg4 Re7 41. Rf1 Kh8 42. Qf4 Kg8 43. Nbd4 Qc8 44. Nf5 Rd7 45. Nfxg7 Rf7 46. Nh5 Rxh5 47. Qg4+ Rg5 48. Nxg5 Qxg4 49. hxg4 fxg5 50. Rxf7 Kxf7 51. Kg1 Ke7 52. Kf2 Kd6 53. Ke3 Ke5 54. g3 b5 55. Kd3 b6 56. Kc3 bxc4 57. bxc4 b5 58. Kb3 bxc4+ 59. Kxc4 Kd6 60. Kd4 h6 61. Ke4 Kd7 62. Kf5 Kd6 63. Kg6 Kxd5 64. Kxh6 Ke6 65. Kxg5 Kf7 66. Kh6 Kg8 67. g5 Kh8 68. g6 Kg8 69. g7 1-0

[Event "Foment Martinenc op-A 18th"]
[Site "Barcelona"]
[Date "2016.05.14"]
[Round "4"]
[White "Chalmeta Ugas, Jordi Ramon"]
[Black "Riu Lopez, Sergio"]
[Result "1-0"]
[WhiteElo "2103"]
[BlackElo "1754"]
[PlyCount "91"]
[EventDate "2016.04.23"]
[EventType "swiss"]
[EventRounds "9"]
[EventCountry "ESP"]
[SourceTitle "EXT 2017"]
[Source "ChessBase"]
[SourceDate "2016.10.25"]
[SourceVersion "1"]
[SourceVersionDate "2016.10.25"]
[SourceQuality "1"]

1. d4 d5 2. c4 e5 3. dxe5 d4 4. Nf3 Nc6 5. Nbd2 Bg4 6. a3 a5 7. h3 Bxf3 8. Nxf3 Nge7 9. e3 dxe3 10. Bxe3 Ng6 11. Qa4 Be7 12. Rd1 Qc8 13. Be2 0-0 14. Rd5 Qe6 15. 0-0 Ngxe5 16. Nxe5 Nxe5 17. Rxa5 Rxa5 18. Qxa5 Nxc4 19. Bxc4 Qxc4 20. Rc1 Qb3 21. Qxc7 Bf6 22. Bc5 Rd8 23. Be7 Bxe7 24. Qxe7 Qd5 25. Rc7 b6 26. Rb7 b5 27. Rxb5 Qd1+ 28. Kh2 h6 29. Rb7 Qd5 30. Qc7 Rd6 31. Rb8+ Kh7 32. Qc2+ f5 33. Rf8 Kg6 34. h4 Rc6 35. h5+ Kg5 36. Rxf5+ Qxf5 37. Qxc6 Qe5+ 38. g3 Kxh5 39. b4 Qb2 40. Kg2 Kg5 41. b5 Qxa3 42. b6 Qb4 43. b7 h5 44. Qc7 Qe4+ 45. Kh2 Qe2 46. Qf4+ 1-0

[Event "Foment Martinenc op-A 18th"]
[Site "Barcelona"]
[Date "2016.05.07"]
[Round "3"]
[White "Riu Lopez, Sergio"]
[Black "Porta Tovar, Guillem"]
[Result "0-1"]
[WhiteElo "1754"]
[BlackElo "2147"]
[PlyCount "64"]
[EventDate "2016.04.23"]
[EventType "swiss"]
[EventRounds "9"]
[EventCountry "ESP"]
[SourceTitle "EXT 2017"]
[Source "ChessBase"]
[SourceDate "2016.10.25"]
[SourceVersion "1"]
[SourceVersionDate "2016.10.25"]
[SourceQuality "1"]

1. e4 c5 2. Nf3 d6 3. d4 Nf6 4. Nc3 cxd4 5. Nxd4 a6 6. Be3 e5 7. Nf3 Be6 8. Be2 Nbd7 9. 0-0 Rc8 10. Qd2 Nb6 11. Rad1 Nc4 12. Bxc4 Bxc4 13. Rfe1 Be7 14. h3 b5 15. a3 h6 16. Qc1 Qc7 17. Nd2 a5 18. Nxc4 Qxc4 19. f3 b4 20. axb4 axb4 21. Nd5 Nxd5 22. Rxd5 Qxc2 23. Rb5 0-0 24. Rxb4 d5 25. Rb7 Bh4 26. Rd1 Bf2+ 27. Kf1 Bxe3 28. Qxc2 Rxc2 29. exd5 Rfc8 30. d6 Rf2+ 31. Ke1 Rcc2 32. Rd2 Rfxd2 0-1

[Event "Foment Martinenc op-A 18th"]
[Site "Barcelona"]
[Date "2016.04.23"]
[Round "1"]
[White "Riu Lopez, Sergio"]
[Black "Alcala Valiente, Juan Carlos"]
[Result "1-0"]
[WhiteElo "1754"]
[BlackElo "2122"]
[PlyCount "77"]
[EventDate "2016.04.23"]
[EventType "swiss"]
[EventRounds "9"]
[EventCountry "ESP"]
[SourceTitle "EXT 2017"]
[Source "ChessBase"]
[SourceDate "2016.10.25"]
[SourceVersion "1"]
[SourceVersionDate "2016.10.25"]
[SourceQuality "1"]

1. e4 c5 2. Nf3 Nc6 3. d4 cxd4 4. Nxd4 g6 5. Nc3 Bg7 6. Be3 Nf6 7. Bc4 0-0 8. 0-0 Nxe4 9. Bxf7+ Rxf7 10. Nxe4 Nxd4 11. Bxd4 d6 12. Bxg7 Kxg7 13. Qd4+ Kg8 14. Ng5 Rf5 15. Qc4+ d5 16. Qh4 h5 17. Rfe1 e5 18. Nf3 Qd6 19. Qg3 Qf6 20. Nxe5 Rg5 21. Qe3 Bg4 22. f3 Bh3 23. g3 Re8 24. f4 Rf5 25. Nd7 Rxe3 26. Nxf6+ Rxf6 27. Rxe3 Bf5 28. Rae1 Bxc2 29. Re8+ Kg7 30. R8e7+ Rf7 31. Rxf7+ Kxf7 32. Rc1 Be4 33. Rc7+ Ke6 34. Rxb7 d4 35. Rxa7 Kd5 36. Kf2 Kc4 37. Ke2 Bc6 38. Rc7 Kb5 39. Kd3 1-0

[Event "Barcelona-B 1st"]
[Site "Barcelona"]
[Date "2015.12.06"]
[Round "5"]
[White "Recio Reyes, Sergio"]
[Black "Riu Lopez, Sergio"]
[Result "1-0"]
[WhiteElo "1824"]
[BlackElo "1780"]
[PlyCount "35"]
[EventDate "2015.12.05"]
[EventType "tourn"]
[EventRounds "9"]
[EventCountry "ESP"]
[SourceTitle "EXT 2024"]
[Source "ChessBase"]
[SourceDate "2023.10.10"]
[SourceVersion "1"]
[SourceVersionDate "2023.10.10"]
[SourceQuality "1"]

1. d4 Nf6 2. Nf3 d5 3. Bf4 c5 4. c3 Nc6 5. Nbd2 e6 6. h3 Bd6 7. Ne5 cxd4 8. cxd4 Nxd4 9. Qa4+ Nc6 10. Nxc6 bxc6 11. Qxc6+ Qd7 12. Qxd6 Qb5 13. b3 Qa5 14. Qc6+ Nd7 15. Qxa8 Qc3 16. Rd1 e5 17. Bg3 Nf6 18. Bxe5 1-0